000 00602cam a2200205 4500
001 ABS61859
008 000000n2000 000 0 eng u
035 _a(Sirsi) u104652
100 _aTemple, L.
245 _aVariable weaves on the web
260 _c2000
490 _aEstates Gazette
_v9(4) 4 March 2000 68-69(2)
520 _aReview of top agents' web sites shows they still have a lot to learn about communicating via the internet.
590 _aABS
650 _aDESIGN
650 _aCOMMUNICATION
650 _aWEB SITES
690 _aINFORMATION TECHNOLOGY-INTERNET
942 _n0
999 _c62791
_d62791